[Event "Cappelle op 41st"]
[Site "Cappelle la Grande"]
[Date "2025.02.18"]
[Round "5"]
[White "Nikolov, Momchil"]
[Black "Manukonda, Arun"]
[Result "1-0"]
[WhiteElo "2433"]
[BlackElo "2018"]
[PlyCount "53"]
[EventDate "2025.02.15"]
[EventType "swiss"]
[EventRounds "9"]
[EventCountry "FRA"]
[SourceTitle "CB09_2025"]
[SourceDate "2025.02.27"]
[SourceVersion "1"]
[SourceVersionDate "2025.02.27"]
[SourceQuality "1"]

1. e4 c5 2. Nf3 Nc6 3. Bb5 d6 4. d4 cxd4 5. Qxd4 a6 6. Bxc6+ bxc6 7. c4 e5 8. Qd3 Ne7 9. Nc3 Ng6 10. Be3 Be7 11. c5 Qc7 12. cxd6 Bxd6 13. 0-0 0-0 14. Rac1 f5 15. Nd5 Qb8 16. Nb6 fxe4 17. Qc4+ Kh8 18. Ng5 Nf4 19. Nxa8 h6 20. Bxf4 hxg5 21. Bxg5 Qxa8 22. Qxc6 Qb8 23. Rfd1 e3 24. Bxe3 Be7 25. Qc7 Qb4 26. Rc4 Bd8 27. Qxc8 1-0

[Event "Barcelona Sants op 25th"]
[Site "Barcelona"]
[Date "2024.08.23"]
[Round "1"]
[White "Manukonda, Arun"]
[Black "Lazaro Pujol, Abel"]
[Result "0-1"]
[WhiteElo "1988"]
[BlackElo "2319"]
[PlyCount "92"]
[EventDate "2024.08.23"]
[EventType "swiss"]
[EventRounds "10"]
[EventCountry "ESP"]
[SourceTitle "CBM 221 Extra"]
[Source "ChessBase"]
[SourceDate "2024.09.30"]
[SourceVersion "1"]
[SourceVersionDate "2024.09.30"]
[SourceQuality "1"]

1. d4 Nf6 2. c4 e6 3. Nf3 d5 4. Nc3 Bb4 5. Bg5 h6 6. Bxf6 Qxf6 7. e3 0-0 8. Rc1 Nc6 9. Bd3 dxc4 10. Bxc4 e5 11. dxe5 Nxe5 12. Nxe5 Qxe5 13. 0-0 Bd6 14. g3 Bh3 15. Re1 Rad8 16. Qa4 a6 17. Bf1 Bd7 18. Qb3 b5 19. Bg2 Be6 20. Bd5 b4 21. f4 Qh5 22. Bxe6 bxc3 23. Bc4 Rb8 24. Qxc3 Bb4 25. Qc2 Bxe1 26. Rxe1 Rfd8 27. Kg2 Rb6 28. Re2 Rbd6 29. Rf2 Qa5 30. Kh3 Kf8 31. Qe4 Qh5+ 32. Kg2 Rd2 33. Qf3 Qxf3+ 34. Kxf3 Rxf2+ 35. Kxf2 Rd2+ 36. Kf3 Rxb2 37. Bxa6 Rxa2 38. Be2 f5 39. h3 Ke7 40. g4 g6 41. Bd3 Kf6 42. e4 fxe4+ 43. Kxe4 Ra4+ 44. Ke3 g5 45. f5 Ke5 46. Bc2 Ra3+ 0-1

[Event "Dortmund Sparkassen op-A 51st"]
[Site "Dortmund"]
[Date "2024.08.18"]
[Round "9"]
[White "Klaska, Philipp Leon"]
[Black "Manukonda, Arun"]
[Result "1-0"]
[WhiteElo "2184"]
[BlackElo "1988"]
[PlyCount "89"]
[EventDate "2024.08.10"]
[EventType "swiss"]
[EventRounds "9"]
[EventCountry "GER"]
[SourceTitle "CBM 221 Extra"]
[Source "ChessBase"]
[SourceDate "2024.09.30"]
[SourceVersion "1"]
[SourceVersionDate "2024.09.30"]
[SourceQuality "1"]

1. d4 d5 2. c4 e6 3. Nc3 Nf6 4. Nf3 Nbd7 5. cxd5 exd5 6. Bf4 Bb4 7. Rc1 Ne4 8. Nd2 Bxc3 9. bxc3 Nxf2 10. Kxf2 Qf6 11. e3 g5 12. Qf3 gxf4 13. exf4 0-0 14. g3 Nb6 15. Bd3 Bf5 16. Rhe1 Rfe8 17. Re5 Bxd3 18. Qxd3 Rxe5 19. dxe5 Qg6 20. f5 Qh6 21. Rh1 Re8 22. Nf3 c6 23. Re1 Nd7 24. Qd4 b6 25. c4 Nc5 26. cxd5 cxd5 27. Qxd5 Qh5 28. g4 Qh6 29. Kg3 Qf8 30. Qd2 h6 31. Qe2 Rd8 32. h4 Rd3 33. Rd1 Ra3 34. Rd4 Kh7 35. g5 Qc8 36. Qc2 Rc3 37. Qb1 Rc1 38. Qb2 Rf1 39. Qe2 Rc1 40. e6 fxe6 41. g6+ Kg8 42. f6 Rc3 43. Qe5 Kf8 44. Qd6+ Kg8 45. Qd8+ 1-0

[Event "Dortmund Sparkassen op-A 51st"]
[Site "Dortmund"]
[Date "2024.08.16"]
[Round "7"]
[White "Harutyunyan, Hovhannes"]
[Black "Manukonda, Arun"]
[Result "0-1"]
[WhiteElo "1992"]
[BlackElo "1988"]
[PlyCount "72"]
[EventDate "2024.08.10"]
[EventType "swiss"]
[EventRounds "9"]
[EventCountry "GER"]
[SourceTitle "CBM 221 Extra"]
[Source "ChessBase"]
[SourceDate "2024.09.30"]
[SourceVersion "1"]
[SourceVersionDate "2024.09.30"]
[SourceQuality "1"]

1. d4 d5 2. g3 Nf6 3. Bg2 e6 4. b3 Be7 5. Bb2 Ne4 6. Nf3 Nc6 7. 0-0 h5 8. Nbd2 f5 9. Ne5 Nxe5 10. dxe5 h4 11. Nxe4 fxe4 12. f3 hxg3 13. hxg3 exf3 14. Bxf3 Bc5+ 15. Kg2 Qg5 16. Qd3 Bd7 17. Bc1 Qxe5 18. Qg6+ Kd8 19. Bg5+ Kc8 20. Rh1 Rf8 21. Bf4 Qd4 22. Raf1 e5 23. Bc1 e4 24. Bg4 Rf2+ 25. Kh3 Bxg4+ 26. Qxg4+ Kb8 27. Rxf2 Qxf2 28. Qxg7 a6 29. Bf4 Ka7 30. Rd1 c6 31. Qc3 Bb6 32. Qd2 Rh8+ 33. Kg4 Qh2 34. Bg5 Qh3+ 35. Kf4 Rf8+ 36. Ke5 Qxg3+ 0-1

[Event "Dortmund Sparkassen op-A 51st"]
[Site "Dortmund"]
[Date "2024.08.15"]
[Round "6"]
[White "Manukonda, Arun"]
[Black "Metzdorf, Matteo"]
[Result "1/2-1/2"]
[WhiteElo "1988"]
[BlackElo "2098"]
[PlyCount "137"]
[EventDate "2024.08.10"]
[EventType "swiss"]
[EventRounds "9"]
[EventCountry "GER"]
[SourceTitle "CBM 221 Extra"]
[Source "ChessBase"]
[SourceDate "2024.09.30"]
[SourceVersion "1"]
[SourceVersionDate "2024.09.30"]
[SourceQuality "1"]

1. d4 Nf6 2. c4 e6 3. Nc3 d5 4. Nf3 Be7 5. cxd5 exd5 6. Bf4 c6 7. h3 0-0 8. e3 Re8 9. Bd3 Nbd7 10. 0-0 Nf8 11. Bh2 Bd6 12. Ne5 Qe7 13. f4 Ng6 14. Rc1 Nd7 15. e4 dxe4 16. Nxe4 Nb6 17. Qh5 Nd5 18. Nxd6 Qxd6 19. Nxf7 Qb4 20. Bxg6 Qxd4+ 21. Kh1 hxg6 22. Qxg6 Re6 23. Nh6+ Kh8 24. Nf5 Qxb2 25. Qh5+ Kg8 26. Nh4 Nf6 27. Qg5 Bd7 28. f5 Re4 29. Rcd1 Rae8 30. Ng6 Qe2 31. Nf4 Qb5 32. Ng6 Qe2 33. Bg1 b6 34. a4 Qh5 35. Qg3 Bxf5 36. Nf4 Qf7 37. Bd4 g6 38. Ba1 Nd5 39. Qh4 Qh7 40. Qg5 Nxf4 41. Rxf4 Re1+ 42. Rf1 Rxd1 43. Rxd1 Be4 44. Kh2 Qc7+ 45. Kg1 Qe7 46. Qh6 Qh7 47. Qe3 Qe7 48. Qh6 Qh7 49. Qf4 Qe7 50. Rd6 Bf5 51. Kh2 c5 52. Bf6 Qf7 53. Bc3 Qe7 54. Qg3 Qf7 55. Rf6 Qd7 56. Rd6 Qf7 57. Rc6 Rc8 58. Rf6 Qd7 59. Be5 Rc6 60. Qh4 Rxf6 61. Qxf6 c4 62. Kg3 Qd3+ 63. Kh4 Qd7 64. g4 Bc2 65. Kg5 Qd2+ 66. Bf4 Qd7 67. h4 Kh7 68. Be5 Qd2+ 69. Bf4 1/2-1/2

[Event "Reykjavik op"]
[Site "Reykjavik"]
[Date "2024.03.18"]
[Round "5"]
[White "Eythorsson, Engilbert Vidar"]
[Black "Manukonda, Arun"]
[Result "0-1"]
[WhiteElo "1743"]
[BlackElo "1974"]
[PlyCount "56"]
[EventDate "2024.03.15"]
[EventType "swiss"]
[EventRounds "9"]
[EventCountry "ISL"]
[SourceTitle "CBM 219 Extra"]
[Source "ChessBase"]
[SourceDate "2024.05.31"]
[SourceVersion "1"]
[SourceVersionDate "2024.05.31"]
[SourceQuality "1"]

1. d4 d5 2. c4 e6 3. Nc3 Nf6 4. Bg5 dxc4 5. e3 c5 6. Bxc4 cxd4 7. exd4 Be7 8. Nf3 0-0 9. 0-0 h6 10. Bf4 Nd5 11. Bg3 Nc6 12. Re1 b6 13. Rc1 Bb7 14. a3 Rc8 15. Bxd5 exd5 16. Rc2 Ba6 17. Ne2 Bc4 18. Rc3 Bf6 19. Nf4 g6 20. b3 Ba6 21. Qd2 Bg7 22. Rce3 Na5 23. Ne5 h5 24. Nexg6 fxg6 25. Nxg6 Bh6 26. Ne7+ Qxe7 27. Qxa5 Bxe3 28. fxe3 bxa5 0-1

[Event "Reykjavik op"]
[Site "Reykjavik"]
[Date "2024.03.16"]
[Round "2"]
[White "Manukonda, Arun"]
[Black "Hu, Zhening"]
[Result "0-1"]
[WhiteElo "1974"]
[BlackElo "1776"]
[PlyCount "120"]
[EventDate "2024.03.15"]
[EventType "swiss"]
[EventRounds "9"]
[EventCountry "ISL"]
[SourceTitle "CBM 219 Extra"]
[Source "ChessBase"]
[SourceDate "2024.05.31"]
[SourceVersion "1"]
[SourceVersionDate "2024.05.31"]
[SourceQuality "1"]

1. d4 d5 2. c4 dxc4 3. Nf3 Nf6 4. e3 e6 5. Bxc4 c5 6. 0-0 a6 7. Bd3 Nc6 8. Nc3 cxd4 9. exd4 Be7 10. Re1 0-0 11. Bf4 Nb4 12. Bb1 Bd7 13. Ne5 Rc8 14. a3 Nbd5 15. Nxd5 Nxd5 16. Bd2 Bf6 17. Be4 Bc6 18. Rc1 Ne7 19. Nxc6 Nxc6 20. Bxc6 Rxc6 21. Rxc6 bxc6 22. Bb4 Re8 23. Bc3 Qd5 24. Qd3 Qb5 25. Qf3 Rd8 26. Re4 Rd5 27. Qe3 h5 28. h3 a5 29. g4 Qa4 30. Kg2 Qd1 31. Qf3 Qxf3+ 32. Kxf3 hxg4+ 33. hxg4 Kf8 34. Ke3 Ke8 35. f4 Kd7 36. Kd3 Bd8 37. Kc4 Bc7 38. a4 f5 39. gxf5 exf5 40. Re1 Bxf4 41. b4 axb4 42. Bxb4 Bd6 43. Bd2 Bc7 44. Bb4 Bd8 45. Bc5 g5 46. Ra1 Ba5 47. Rh1 g4 48. Rh7+ Kc8 49. Rg7 Bc7 50. Kb4 Rd7 51. Rg6 Kb7 52. a5 g3 53. Kc4 f4 54. a6+ Kxa6 55. Rxc6+ Kb7 56. Rg6 Rf7 57. d5 f3 58. d6 f2 59. Rxg3 f1Q+ 60. Kb4 Qf4+ 0-1

[Event "Budapest Vezerkepzo FM 12"]
[Site "Budapest"]
[Date "2024.01.03"]
[Round "9.1"]
[White "Anjali, R Sagar"]
[Black "Manukonda, Arun"]
[Result "0-1"]
[WhiteElo "1559"]
[BlackElo "2085"]
[PlyCount "71"]
[EventDate "2023.12.26"]
[EventType "team-tourn"]
[EventRounds "9"]
[EventCountry "HUN"]
[SourceTitle "EXT 2025"]
[Source "ChessBase"]
[SourceDate "2024.10.14"]
[SourceVersion "1"]
[SourceVersionDate "2024.10.14"]
[SourceQuality "1"]
[WhiteTeam "Team A"]
[BlackTeam "Team B"]
[WhiteTeamCountry "HUN"]
[BlackTeamCountry "HUN"]

1. e4 c5 2. Nf3 d6 3. d4 cxd4 4. Nxd4 Nf6 5. Nc3 a6 6. f3 g6 7. Be3 Bg7 8. Bc4 0-0 9. Qd2 b5 10. Bb3 e6 11. 0-0-0 d5 12. exd5 b4 13. Na4 Nxd5 14. Bxd5 Qxd5 15. Nb3 Qxd2+ 16. Rxd2 Nc6 17. Nbc5 Rb8 18. Rhd1 Rb5 19. Rd6 Ne7 20. Nd7 Re8 21. Ndb6 Nd5 22. Bf2 Be5 23. Nxd5 exd5 24. R6xd5 Rxd5 25. Rxd5 Bb7 26. Rd3 Bxh2 27. Nc5 Bc6 28. Kd2 Bb5 29. g3 Bxd3 30. Nxd3 a5 31. c3 bxc3+ 32. bxc3 h5 33. f4 f6 34. Ne1 h4 35. gxh4 Bxf4+ 36. Kd3 0-1

[Event "Budapest Vezerkepzo FM 12"]
[Site "Budapest"]
[Date "2024.01.01"]
[Round "7.3"]
[White "Kozma, Edit"]
[Black "Manukonda, Arun"]
[Result "1-0"]
[WhiteElo "1754"]
[BlackElo "2085"]
[PlyCount "85"]
[EventDate "2023.12.26"]
[EventType "team-tourn"]
[EventRounds "9"]
[EventCountry "HUN"]
[SourceTitle "EXT 2025"]
[Source "ChessBase"]
[SourceDate "2024.10.14"]
[SourceVersion "1"]
[SourceVersionDate "2024.10.14"]
[SourceQuality "1"]
[WhiteTeam "Team A"]
[BlackTeam "Team B"]
[WhiteTeamCountry "HUN"]
[BlackTeamCountry "HUN"]

1. e4 c5 2. Nf3 d6 3. d4 cxd4 4. Nxd4 Nf6 5. Nc3 a6 6. f4 e5 7. Nf3 Nbd7 8. Bd3 b5 9. a3 Be7 10. 0-0 0-0 11. Nh4 Nc5 12. Nf5 Bxf5 13. exf5 e4 14. Be2 d5 15. b4 Nb7 16. Qd4 Qd7 17. g4 Rfd8 18. Bb2 Ne8 19. Rad1 Bf6 20. Qb6 Qc8 21. Nxd5 Rxd5 22. Rxd5 Bxb2 23. a4 Nc7 24. Rdd1 bxa4 25. g5 Nb5 26. Bxb5 axb5 27. g6 hxg6 28. fxg6 Nd8 29. Qxb5 Qg4+ 30. Kh1 Qxg6 31. Rg1 Qf6 32. Qe8+ Kh7 33. Qxe4+ g6 34. Qxa8 Ne6 35. f5 Qxf5 36. Rdf1 Qxc2 37. Rxf7+ Bg7 38. Qg2 Qd3 39. Rf3 Qd7 40. Qxg6+ Kg8 41. Qe4 Nc7 42. Qc4+ Kh7 43. Rf7 1-0

[Event "Budapest Vezerkepzo FM 12"]
[Site "Budapest"]
[Date "2023.12.29"]
[Round "4.3"]
[White "Manukonda, Arun"]
[Black "Kozma, Edit"]
[Result "1-0"]
[WhiteElo "2085"]
[BlackElo "1754"]
[PlyCount "45"]
[EventDate "2023.12.26"]
[EventType "team-tourn"]
[EventRounds "9"]
[EventCountry "HUN"]
[SourceTitle "EXT 2025"]
[Source "ChessBase"]
[SourceDate "2024.10.14"]
[SourceVersion "1"]
[SourceVersionDate "2024.10.14"]
[SourceQuality "1"]
[WhiteTeam "Team B"]
[BlackTeam "Team A"]
[WhiteTeamCountry "HUN"]
[BlackTeamCountry "HUN"]

1. d4 Nf6 2. c4 e6 3. Nc3 Bb4 4. a3 Bxc3+ 5. bxc3 0-0 6. f3 d5 7. e3 b6 8. Bd3 Ba6 9. cxd5 Bxd3 10. Qxd3 exd5 11. Ne2 Nbd7 12. 0-0 Re8 13. Ng3 Nf8 14. e4 Ne6 15. e5 Nd7 16. f4 c5 17. f5 Nef8 18. f6 g6 19. Qd2 Ne6 20. Qh6 Kh8 21. Ne2 Rg8 22. Rf3 Qf8 23. Qxh7+ 1-0

[Event "Budapest Vezerkepzo FM 12"]
[Site "Budapest"]
[Date "2023.12.26"]
[Round "1.3"]
[White "Kozma, Edit"]
[Black "Manukonda, Arun"]
[Result "1-0"]
[WhiteElo "1754"]
[BlackElo "2085"]
[PlyCount "57"]
[EventDate "2023.12.26"]
[EventType "team-tourn"]
[EventRounds "9"]
[EventCountry "HUN"]
[SourceTitle "EXT 2025"]
[Source "ChessBase"]
[SourceDate "2024.10.14"]
[SourceVersion "1"]
[SourceVersionDate "2024.10.14"]
[SourceQuality "1"]
[WhiteTeam "Team A"]
[BlackTeam "Team B"]
[WhiteTeamCountry "HUN"]
[BlackTeamCountry "HUN"]

1. e4 c5 2. Nf3 d6 3. d4 cxd4 4. Nxd4 Nf6 5. Nc3 a6 6. f4 e5 7. Nf3 Nbd7 8. Bd3 Be7 9. 0-0 0-0 10. Kh1 b5 11. Qe1 Bb7 12. a3 Rc8 13. fxe5 dxe5 14. Qg3 Nh5 15. Qh3 Nhf6 16. Qg3 Re8 17. Nxe5 Nxe5 18. Qxe5 Bxa3 19. Qf5 Rc5 20. Nd5 Rxd5 21. exd5 Bd6 22. Bg5 Re5 23. Bxf6 gxf6 24. Qxh7+ Kf8 25. Qh8+ Ke7 26. Qxf6+ Kd7 27. Qxd8+ Kxd8 28. Rxf7 Bxd5 29. Rf5 1-0

[Event "Bratislava exe op"]
[Site "Bratislava"]
[Date "2023.09.20"]
[Round "6"]
[White "Baidetsky, Valentin"]
[Black "Manukonda, Arun"]
[Result "1-0"]
[WhiteElo "2485"]
[BlackElo "2070"]
[PlyCount "79"]
[EventDate "2023.09.15"]
[EventType "swiss"]
[EventRounds "9"]
[EventCountry "SVK"]
[SourceTitle "CBM 216 Extra"]
[Source "ChessBase"]
[SourceDate "2023.11.30"]
[SourceVersion "1"]
[SourceVersionDate "2023.11.30"]
[SourceQuality "1"]

1. e4 c5 2. Nc3 d6 3. d4 cxd4 4. Qxd4 Nc6 5. Qd2 Nf6 6. b3 e6 7. Bb2 d5 8. exd5 exd5 9. 0-0-0 Be6 10. a3 Be7 11. f3 Rc8 12. Kb1 a6 13. Nge2 Qa5 14. Na2 Qc7 15. Nf4 0-0 16. Re1 Qd7 17. g3 Nd8 18. Nxe6 fxe6 19. Bh3 Rc6 20. Re2 Ne8 21. f4 Bf6 22. Nb4 Rd6 23. Nd3 Bxb2 24. Kxb2 Qe7 25. Rhe1 Nc7 26. Ne5 Rf6 27. g4 Qf8 28. f5 Rh6 29. Qe3 d4 30. Qg3 Nd5 31. Nc4 Rc6 32. Bg2 Rxc4 33. Bxd5 Rc3 34. fxe6 Qe7 35. Qd6 Nc6 36. Qd7 Rf6 37. Bxc6 Qc5 38. e7 Rxb3+ 39. cxb3 Qc3+ 40. Ka2 1-0

[Event "Reykjavik op"]
[Site "Reykjavik"]
[Date "2023.03.30"]
[Round "2"]
[White "Manukonda, Arun"]
[Black "Karacsonyi, Gellert"]
[Result "0-1"]
[WhiteElo "2061"]
[BlackElo "2385"]
[PlyCount "78"]
[EventDate "2023.03.29"]
[EventType "swiss"]
[EventRounds "9"]
[EventCountry "ISL"]
[SourceTitle "CBM 213 Extra"]
[Source "ChessBase"]
[SourceDate "2023.05.31"]
[SourceVersion "1"]
[SourceVersionDate "2023.05.31"]
[SourceQuality "1"]

1. d4 d5 2. c4 e6 3. Nc3 h6 4. e3 Nf6 5. Nf3 Bd6 6. Bd3 0-0 7. 0-0 a6 8. c5 Be7 9. Ne5 b6 10. cxb6 cxb6 11. Bd2 Bb7 12. f4 Ne4 13. f5 exf5 14. Rxf5 Nd6 15. Qh5 Bg5 16. Rf3 Nc6 17. Nxc6 Bxc6 18. Raf1 Ra7 19. Be1 Ne4 20. Bxe4 dxe4 21. Rg3 b5 22. Qg4 g6 23. Qd1 Bd5 24. Nxd5 Qxd5 25. Qb3 Qxb3 26. axb3 Rc8 27. Bc3 Kh7 28. Rxg5 hxg5 29. b4 f5 30. Rd1 Rc4 31. g3 Kg8 32. Kf2 Kf7 33. Ke2 Ke6 34. d5+ Kd6 35. Bd4 Rh7 36. Bc5+ Kd7 37. h4 Rc2+ 38. Kf1 gxh4 39. Ra1 hxg3 0-1

[Event "Reykjavik op"]
[Site "Reykjavik"]
[Date "2023.03.30"]
[Round "3"]
[White "Pourkashiyan, Atousa"]
[Black "Manukonda, Arun"]
[Result "1-0"]
[WhiteElo "2313"]
[BlackElo "2061"]
[PlyCount "61"]
[EventDate "2023.03.29"]
[EventType "swiss"]
[EventRounds "9"]
[EventCountry "ISL"]
[SourceTitle "CBM 213 Extra"]
[Source "ChessBase"]
[SourceDate "2023.05.31"]
[SourceVersion "1"]
[SourceVersionDate "2023.05.31"]
[SourceQuality "1"]

1. e4 c5 2. Nf3 d6 3. d4 cxd4 4. Nxd4 Nf6 5. Nc3 a6 6. Bg5 e6 7. f4 Be7 8. Qf3 Qc7 9. 0-0-0 Nbd7 10. g4 h6 11. Bxf6 Bxf6 12. h4 Nb6 13. g5 Bxd4 14. Rxd4 Qc5 15. Rd2 Bd7 16. Qd3 hxg5 17. fxg5 d5 18. exd5 0-0-0 19. Ne4 Qa5 20. Nd6+ Kb8 21. Nxf7 Rc8 22. Nxh8 Nc4 23. Qg3+ Ka8 24. Bxc4 Rxc4 25. Qa3 Ba4 26. Qf8+ Ka7 27. Qf2+ Ka8 28. dxe6 Bxc2 29. Rxc2 Qxa2 30. Rxc4 Qxc4+ 31. Qc2 1-0

[Event "Barcelona Sants op-A 23rd"]
[Site "Barcelona"]
[Date "2022.08.19"]
[Round "1"]
[White "Peralta, Fernando"]
[Black "Manukonda, Arun"]
[Result "1-0"]
[WhiteElo "2595"]
[BlackElo "2031"]
[PlyCount "71"]
[EventDate "2022.08.19"]
[EventType "swiss"]
[EventRounds "10"]
[EventCountry "ESP"]
[SourceTitle "CBM 209 Extra"]
[Source "ChessBase"]
[SourceDate "2022.09.30"]
[SourceVersion "1"]
[SourceVersionDate "2022.09.30"]
[SourceQuality "1"]

1. d4 d5 2. c4 c6 3. Nf3 Nf6 4. Nc3 dxc4 5. a4 Bf5 6. e3 e6 7. Bxc4 Bb4 8. 0-0 0-0 9. Qe2 Bg6 10. Ne5 Nbd7 11. Nxg6 hxg6 12. Rd1 Qe7 13. a5 Rad8 14. e4 e5 15. d5 cxd5 16. Nxd5 Nxd5 17. Bxd5 b6 18. a6 Nc5 19. Qg4 Ne6 20. Rd3 Bc5 21. Bd2 Rd6 22. Rh3 Nf4 23. Bxf4 exf4 24. Rh4 g5 25. Rh5 Rh6 26. Rxg5 Bd4 27. Qxf4 Bxb2 28. Rd1 Bf6 29. Rf5 Qb4 30. g3 Qa4 31. Qf3 Qa5 32. Bxf7+ Rxf7 33. Rxa5 bxa5 34. Qb3 Be7 35. Rd7 Rb6 36. Qd5 1-0

[Event "Vlissingen HZ op 24th"]
[Site "Vlissingen"]
[Date "2022.08.11"]
[Round "7"]
[White "Honkoop, Gilian"]
[Black "Manukonda, Arun"]
[Result "1-0"]
[WhiteElo "2184"]
[BlackElo "2031"]
[PlyCount "71"]
[EventDate "2022.08.06"]
[EventType "swiss"]
[EventRounds "9"]
[EventCountry "NED"]
[SourceTitle "CBM 209 Extra"]
[Source "ChessBase"]
[SourceDate "2022.09.30"]
[SourceVersion "1"]
[SourceVersionDate "2022.09.30"]
[SourceQuality "1"]

1. d4 d5 2. Nf3 Nf6 3. c4 c6 4. Nc3 dxc4 5. a4 Bf5 6. e3 e6 7. Bxc4 Bb4 8. 0-0 0-0 9. Qe2 Bg6 10. Ne5 Nbd7 11. Nxg6 hxg6 12. Rd1 Qc7 13. f4 c5 14. Na2 a5 15. Nxb4 axb4 16. Bd2 b6 17. Be1 Rfc8 18. b3 Qb7 19. e4 cxd4 20. e5 Nd5 21. Rxd4 Nc5 22. Rad1 Ne7 23. Bxb4 Nf5 24. R4d2 g5 25. fxg5 g6 26. Ba3 Kg7 27. Qe1 Rh8 28. Bxc5 bxc5 29. Bxe6 Nd4 30. Bc4 Rh5 31. Qf2 Rf8 32. Qf6+ Kh7 33. Rf2 Qe4 34. Bxf7 Rxg5 35. Qxg5 Ne2+ 36. Rxe2 1-0

[Event "Dieren op"]
[Site "Dieren"]
[Date "2022.08.04"]
[Round "9"]
[White "Bus, Tom"]
[Black "Manukonda, Arun"]
[Result "1/2-1/2"]
[WhiteElo "2102"]
[BlackElo "2021"]
[PlyCount "22"]
[EventDate "2022.07.26"]
[EventType "swiss"]
[EventRounds "9"]
[EventCountry "NED"]
[SourceTitle "CBM 209 Extra"]
[Source "ChessBase"]
[SourceDate "2022.09.30"]
[SourceVersion "1"]
[SourceVersionDate "2022.09.30"]
[SourceQuality "1"]

1. Nf3 d5 2. g3 Nc6 3. d4 Bf5 4. Bg2 Nb4 5. Na3 e6 6. Nh4 Be4 7. f3 Bg6 8. c3 Nc6 9. Qb3 Rb8 10. e4 Be7 11. Nxg6 hxg6 1/2-1/2

[Event "Dieren op"]
[Site "Dieren"]
[Date "2022.08.01"]
[Round "6"]
[White "Manukonda, Arun"]
[Black "Pijkeren, Jan"]
[Result "1/2-1/2"]
[WhiteElo "2021"]
[BlackElo "2196"]
[PlyCount "63"]
[EventDate "2022.07.26"]
[EventType "swiss"]
[EventRounds "9"]
[EventCountry "NED"]
[SourceTitle "CBM 209 Extra"]
[Source "ChessBase"]
[SourceDate "2022.09.30"]
[SourceVersion "1"]
[SourceVersionDate "2022.09.30"]
[SourceQuality "1"]

1. d4 Nf6 2. c4 c5 3. d5 b5 4. cxb5 a6 5. e3 g6 6. Nc3 Bg7 7. a4 0-0 8. e4 Bb7 9. Nf3 e6 10. bxa6 Nxa6 11. Bc4 exd5 12. exd5 Re8+ 13. Be3 Ng4 14. 0-0 Rxe3 15. fxe3 Nxe3 16. Qb3 Rb8 17. Nb5 Nxf1 18. Rxf1 d6 19. Qe3 Nc7 20. Nxc7 Qxc7 21. b3 Qd7 22. Re1 Bf6 23. Kh1 Qf5 24. Qd2 Ra8 25. h3 Kg7 26. Rf1 Qe4 27. Re1 Qf5 28. Rf1 Qe4 29. Re1 Qf5 30. Rf1 Qe4 31. Nh2 Qf5 32. Nf3 1/2-1/2

[Event "Budapest FS11 Nadassy"]
[Site "Budapest"]
[Date "2021.11.09"]
[Round "4"]
[White "Manukonda, Arun"]
[Black "Kahn, Evarth"]
[Result "0-1"]
[WhiteElo "2005"]
[BlackElo "2093"]
[PlyCount "112"]
[EventDate "2021.11.06"]
[EventType "schev"]
[EventRounds "12"]
[EventCountry "HUN"]
[SourceTitle "EXT 2023"]
[Source "ChessBase"]
[SourceDate "2022.10.05"]
[SourceVersion "1"]
[SourceVersionDate "2022.10.05"]
[SourceQuality "1"]
[WhiteTeam "B Team Lower Elo"]
[BlackTeam "A Team Higher Elo"]
[WhiteTeamCountry "HUN"]
[BlackTeamCountry "HUN"]

1. d4 Nf6 2. c4 e5 3. dxe5 Ne4 4. Nf3 Bb4+ 5. Nbd2 Nc6 6. a3 Bxd2+ 7. Bxd2 Qe7 8. Bf4 g5 9. Qd5 gxf4 10. Qxe4 d6 11. Qxf4 dxe5 12. Qg5 Qxg5 13. Nxg5 Rg8 14. Ne4 Rg6 15. e3 f5 16. Nc3 Be6 17. 0-0-0 Rd8 18. Rxd8+ Kxd8 19. b3 e4 20. g3 Ne5 21. Be2 c6 22. h4 Ke7 23. Kc2 b6 24. Rd1 Rg8 25. Na4 Rd8 26. c5 b5 27. Nc3 Rb8 28. b4 a5 29. Ra1 Ra8 30. Kb2 Bc4 31. Bxc4 Nxc4+ 32. Kb3 axb4 33. Kxb4 Nb2 34. Ne2 Nd3+ 35. Kc3 b4+ 36. Kc4 bxa3 37. Nd4 Ra4+ 38. Kc3 Kf6 39. Nxc6 a2 40. Nd4 Nxc5 41. Nc2 Nd3 42. f3 Ke5 43. Rf1 Ra8 44. fxe4 Kxe4 45. Kd2 h5 46. Ra1 Nc5 47. Kc3 Kf3 48. Rf1+ Kxg3 49. Rxf5 Rc8 50. Kb2 Nd3+ 51. Kxa2 Rxc2+ 52. Kb3 Rc5 53. Rf8 Kxh4 54. Rd8 Nf2 55. Rf8 Ng4 56. Re8 Re5 0-1

[Event "Novi Sad TS 221st"]
[Site "Novi Sad"]
[Date "2021.11.04"]
[Round "4.1"]
[White "Manukonda, Arun"]
[Black "Rakulj, Stanislav"]
[Result "0-1"]
[WhiteElo "2005"]
[BlackElo "1908"]
[PlyCount "98"]
[EventDate "2021.11.02"]
[EventType "schev"]
[EventRounds "9"]
[EventCountry "SRB"]
[SourceTitle "CBM 205 Extra"]
[Source "ChessBase"]
[SourceDate "2022.01.31"]
[SourceVersion "1"]
[SourceVersionDate "2022.01.31"]
[SourceQuality "1"]
[WhiteTeam "Team B"]
[BlackTeam "Team A"]
[WhiteTeamCountry "SRB"]
[BlackTeamCountry "SRB"]

1. d4 e6 2. c4 Nf6 3. Nc3 d5 4. Bg5 Be7 5. e3 0-0 6. Nf3 b6 7. cxd5 Nxd5 8. Bxe7 Nxe7 9. Bd3 Bb7 10. h4 h6 11. Rc1 Nd7 12. Nb5 c5 13. Nd6 Bc6 14. Ne5 Nxe5 15. dxe5 Nd5 16. Qg4 f5 17. exf6 Qxf6 18. Ne4 Qf5 19. Qxf5 exf5 20. Nd6 Ne7 21. 0-0 Rad8 22. Bc4+ Nd5 23. Nb5 Rd7 24. Rcd1 Rfd8 25. Rd2 Kf8 26. Rfd1 a6 27. Nc3 Nxc3 28. Rxd7 Rxd7 29. Rxd7 Bxd7 30. bxc3 b5 31. Bd5 Ke7 32. a3 Kd6 33. Bb3 a5 34. Kf1 a4 35. Bc2 Be6 36. Ke2 b4 37. cxb4 cxb4 38. axb4 a3 39. Bb1 a2 40. Bxa2 Bxa2 41. Kf3 Ke5 42. g4 Bd5+ 43. Kg3 fxg4 44. Kxg4 Ke4 45. b5 Bb7 46. b6 Bc6 47. f3+ Kxe3 48. Kf5 Kxf3 49. Kg6 Kg4 0-1